000 00557nam a2200229Ia 4500
003 OSt
005 20221005120339.0
006 a|||||r|||| 00| 0
007 ta
008 221004b |||||||| |||| 00| 0 eng d
024 _a33804
037 _cTextual
040 _aCRL
_cCRL
_beng
041 _2eng
_aeng
082 _aN52xM61, K1
100 _aTagore Rabindra Nath
245 0 _aDrawings and paintings
260 _c1961
650 _aARTS
942 _hN52xM61, K1
_cTEXL
_2cc
999 _c1037713
_d1037713